000 01010cab a22002415a 4500
001 L146369
008 090113e20090110xxka f g 000 0 eng d
035 _a(Sirsi) u146369
041 0 _aeng
100 1 _aLal, Hamish
245 0 0 _aHard times are ahead
260 _c2009
490 _aEstates Gazette
_v(0902) 10 January 2009
520 _aArticle looks at likely legal hot topics in property development for the coming year and focuses on insolvency. Predicted themes include the recoverability of tender costs, supply-chain payments, personal guarantees and the Construction Act 2008.
590 _aKA
650 2 4 _aREGALIAN PROPERTIES PLC AND OTHER V LONDON DOCKLAND DEVELOPMENT CORPORATION
650 2 4 _aACTIONSTRENGTH LTD V INTERNATIONAL GLASS ENGINEERING INGL EN SPA AND ANOTHER
650 2 4 _aCONSTRUCTION ACT 2008
650 2 4 _aGROVEDECK LTD V CAPITAL DEMOLITION LTD
651 4 _aUnited Kingdom
_y
690 _aPROPERTY-COMMERCIAL PROPERTY-COMMERCIAL PROPERTY DEVELOPMENT
942 _n0
999 _c81130
_d81130